| 000 | 01289cam a2200301 i 4500 | ||
|---|---|---|---|
| 003 | SA-RiAUC | ||
| 005 | 20251106071717.0 | ||
| 008 | 251105q19001999su g 000r0 ara c | ||
| 040 |
_aSA-JuJU _bara _cSA-RiAUC _erda |
||
| 043 | _aa-su--- | ||
| 082 | 0 | 4 |
_a252.5 _qSA-RiAUC |
| 090 |
_a252.5 _bم ن ا |
||
| 245 | 0 | 0 | _aمناسك الحج والعمرة وزيارة المدينة المنورة على المذاهب الأربعة. |
| 246 | 3 | 4 | _aمناسك الحج والعمرة على المذاهب الأربعة |
| 264 | 1 |
_a[مكان النشر غير محدد] : _b[الناشر غير محدد]، _c[بين 1900 و1999] |
|
| 264 | 3 |
_aمكة المكرمة : _bمكتبات عبد الوهاب مرزا |
|
| 300 |
_a96 صفحة ؛ _c24 سم |
||
| 336 |
_aنص _btxt _2rdacontent _3كتاب |
||
| 337 |
_aبدون وسيط _bn _2rdamedia |
||
| 338 |
_aمجلد _bnc _2rdacarrier |
||
| 650 | 7 |
_aالعمرة (فقه إسلامي) _xمناسك _2aucsh |
|
| 650 | 7 |
_aالحج (فقه إسلامي) _xمناسك _2aucsh |
|
| 650 | 7 |
_aالفقه الإسلامي _xمذاهب _2aucsh |
|
| 650 | 7 |
_aزيارة المدينة المنورة _2aucsh |
|
| 651 | 7 |
_aالمدينة المنورة _xفضائل _2aucsh |
|
| 942 |
_2ddc _cBOOK _n0 |
||
| 949 |
_aSA-JeALM _d251105 _umohamedma123 _n1 |
||
| 999 |
_c13041 _d13041 |
||